000 00860nam a2200277Ia 4500
003 OSt
005 20221006140632.0
006 a|||||r|||| 00| 0
007 ta
008 221006b |||||||| |||| 00| 0 eng d
020 _a9780691031811
_c
_9.00
024 _a238
037 _bGift, Japan Foundation
_cTextual
040 _aEASL
_cEASL
_beng
041 _2eng
_aeng
082 _aU8.42.N1, N2
100 _aNOTEHELFER F. G. Ed.
_9643056
245 0 _aJapan through American eyes
_b Journal of Francis Hall Kanagawa and Yokohama 1859-1866
260 _aPrinceton
_bPrinceton University Press
_c1992
300 _a652p.
_ccm.
490 _v JEL
650 _a JEL
650 _aJapan - Description and travel
_9643057
942 _hU8.42.N1, N2
_cTEXL
_2CC
999 _c1068325
_d1068325